| 000 | 00904nam a22002417a 4500 | ||
|---|---|---|---|
| 999 |
_c64834 _d64834 |
||
| 005 | 20240530110753.0 | ||
| 008 | 181219s2017 ua g b 000 0 ara d | ||
| 017 |
_a2017/13171 _bمصر. دار الكتب |
||
| 020 | _a9789777951289 | ||
| 040 |
_aEG-CaGPL _cEG-CaGPL |
||
| 082 | 0 | 4 |
_221 _a347.09 / _bش م |
| 100 | 0 | _aشريف النجيحى | |
| 245 | 1 | 2 |
_aالمدخل لدراسة الوساطة فى تسوية المنازعات / _cشريف النجيحى، احمد حمدان |
| 250 | _aط.1 | ||
| 260 |
_aالقاهرة : _bالدار المصرية اللبنانية ، _c2017. |
||
| 300 |
_a292 ص. ؛ _c24 سم. |
||
| 504 | _aيشتمل على ارجاعات ببليوجرافية | ||
| 650 | 0 | 7 |
_2qrmak _aتسوية المنازعات |
| 651 | _2qrmak | ||
| 700 | 0 |
_a احمد حمدان _eمؤلف مشارك |
|
| 942 |
_2ddc _cBK |
||